Analýza zahraničného podnikateľského prostredia bakalárska práca

Uložené v:
Podrobná bibliografia
Hlavný autor: Jurisová, Michaela
Korporativný autor: Podnikovohospodárska fakulta EU so sídlom v Košiciach. Katedra ekonómie
Ďalší autori: Bednárová, Lucia
Médium: Kniha
Jazyk:Slovak
Vydavateľské údaje: Košice 2017
Tagy: Pridať tag
Žiadne tagy, Buďte prvý, kto otaguje tento záznam!

MARC

LEADER 00000nbm a2200000 4500
001 0231646
005 20240827091952.6
041 0 |a slo 
044 |a SK 
245 1 0 |a Analýza zahraničného podnikateľského prostredia  |b bakalárska práca  |c Michaela Jurisová ; školiteľ: Lucia Bednárová 
264 1 |a Košice  |c 2017 
300 |a 84 s. 
100 1 |a Jurisová, Michaela 
700 1 |a Bednárová, Lucia 
710 2 |a Podnikovohospodárska fakulta EU so sídlom v Košiciach. Katedra ekonómie